Argentina- Brasil (Registro nro. 6652)

Detalles MARC
000 -LEADER
fixed length control field 00570 a2200193 4500
001 - CONTROL NUMBER
control field 59332
005 - DATE AND TIME OF LATEST TRANSACTION
control field 20260407155847.0
008 - FIXED-LENGTH DATA ELEMENTS--GENERAL INFORMATION
fixed length control field 260407a1990 arg spa d
003 - CONTROL NUMBER IDENTIFIER
control field AR-UNSa-BCEJYS
040 ## - CATALOGING SOURCE
Original cataloging agency AR-UNSa-BCEJYS
Language of cataloging spa
Transcribing agency AR-UNSa-BCEJYS
080 ## - UNIVERSAL DECIMAL CLASSIFICATION NUMBER
Universal Decimal Classification number 339.92
Common auxiliary subdivision Cooperación económica internacional. Integración económica internacional
020 ## - INTERNATIONAL STANDARD BOOK NUMBER
International Standard Book Number 950-718-009-5
100 1# - MAIN ENTRY--PERSONAL NAME
Personal name Hirst, Mónica
245 10 - TITLE STATEMENT
Title Argentina- Brasil
264 #1 - PRODUCTION, PUBLICATION, DISTRIBUTION, MANUFACTURE, AND COPYRIGHT NOTICE
Place of production, publication, distribution, manufacture Buenos Aires :
Name of producer, publisher, distributor, manufacturer Tesis
Date of production, publication, distribution, manufacture, or copyright notice 1990
300 ## - PHYSICAL DESCRIPTION
Extent 389 p.
Dimensions 20 cm.
590 ## - LOCAL NOTE (RLIN)
Local note niveau_biblio:m niveau_hierar:0
942 ## - ADDED ENTRY ELEMENTS (KOHA)
Koha item type
Existencias
Withdrawn status Lost status Damaged status Not for loan Home library Current library Shelving location Date acquired Total checkouts Full call number Barcode Date last seen Price effective from Koha item type Public note
        Biblioteca Prof. Eusebio Cleto del Rey Biblioteca Prof. Eusebio Cleto del Rey   07/04/2026   339.92 H669 L58909 07/04/2026 07/04/2026 Libro Primera parte: Perspectivas Comparativas: 1. Economía - 2. Política - Segunda parte: Los avances de la integración: 3. Balance económico - 4. La agenda militar y tecnológica - 5. El discurso político -